| 000 | 00776nam a22002055i 4500 | ||
|---|---|---|---|
| 001 | 166211 | ||
| 003 | ES-MaACL | ||
| 005 | 20250702063125.0 | ||
| 008 | 030808s1869 gw |||| | eng d | ||
| 040 |
_aCCPB | B _bspa _cCCPB | B |
||
| 100 | 1 |
_aThackeray, William Makepeace, _d1811-1863 _9109858 |
|
| 245 | 1 | 0 |
_aRoundabout papers _b: in two volumes / _cby W.M. Thackeray. |
| 250 | _aCopyright ed. | ||
| 260 |
_aLeipzig : _bBernhard Tauchnitz, _c1869. |
||
| 300 |
_a2 v. (290 ; 272 p.) ; _c16 cm. |
||
| 490 | 1 |
_aCollection of Bristih Authors. Tauchnitz edition ; _v1011-1012 |
|
| 830 | 0 |
_aCollection of Bristih Authors. Tauchnitz edition ; _v1011-1012 _9222531 |
|
| 852 |
_aES-MaACL _jG-12852 _z-- Enc. hol. _z-- Enc. 2 t. en 1 v. |
||
| 999 |
_c166211 _d166211 |
||